| Tag |
First Indicator |
Second Indicator |
Subfields |
| LEADER |
00000cam a2200000 i 4500 |
| 001 |
in00000050646 |
| 005 |
20151007073813.0 |
| 008 |
761228s1946 ksuaf s00110 engm |
| 010 |
|
|
|a 46022614
|
| 035 |
|
|
|a (OCoLC)02650688
|
| 035 |
|
|
|9 AAF0413AM
|
| 040 |
|
|
|a DLC
|c MKN
|d TXA
|d UtOrBLW
|
| 049 |
|
|
|a TXAM [Also in] [630.61] [K16r] [v. 64] [#267]
|c [131341]
|
| 050 |
0 |
0 |
|a S63
|b .A27 vol. 64, no. 267
|
| 082 |
0 |
|
|a 598.29781
|
| 092 |
|
|
|a 598.2
|b G654b
|
| 100 |
1 |
|
|a Goodrich, Arthur L., jr.
|
| 245 |
1 |
0 |
|a Birds in Kansas /
|c by Arthur L. Goodrich, jr.
|
| 264 |
|
3 |
|a Topeka, Kansas :
|b Printed by F. Voiland, jr., state printer,
|c 1946.
|
| 300 |
|
|
|a 340 pages :
|b illustrations, color plates.
|
| 336 |
|
|
|a text
|b txt
|2 rdacontent
|
| 337 |
|
|
|a unmediated
|b n
|2 rdamedia
|
| 338 |
|
|
|a volume
|b nc
|2 rdacarrier
|
| 490 |
1 |
|
|a Kansas. State board of agriculture. Report,
|v v. 64, no. 267
|
| 650 |
|
0 |
|a Birds
|z Kansas.
|
| 810 |
1 |
|
|a Kansas.
|b State Board of Agriculture.
|t Report,
|v v. 64, no. 267.
|
| 999 |
|
|
|a MARS
|
| 999 |
f |
f |
|s 11df7f39-1b61-3606-92d6-9c86e8b3931a
|i 94aa250d-a75f-3f9c-8bb5-f6e0145f4e58
|t 0
|
| 952 |
f |
f |
|p ric
|a Texas A&M University
|b Rellis Campus
|c Joint Library Facility
|d Remote Storage
|t 0
|e S63 .A27 vol. 64, no. 267
|h Library of Congress classification
|i unmediated -- volume
|m A14801021103
|
| 998 |
f |
f |
|a S63 .A27 vol. 64, no. 267
|t 0
|l Remote Storage
|